| 000 | 00580nam a22001817a 4500 | ||
|---|---|---|---|
| 005 | 20130625113349.0 | ||
| 010 | _aENG-107733 | ||
| 020 |
_a8186724085 _c210.00 |
||
| 035 | _aEN-91266 | ||
| 037 | _bDBAD/PUB | ||
| 100 | _aMiglani, Seema | ||
| 245 |
_aEnglish for professionals : _cby Seema Miglani [and] Shikha Goyal _ba book of communication skills in english / |
||
| 260 |
_aHaryana _bNirmal Book Agency _c2013 |
||
| 270 |
_aOpp. Kurukshetra University IIIrd Gate, _bKurukshetra _e136119 |
||
| 300 |
_aviii,318p. _c24cm(pbk) |
||
| 700 | _aGoyal, Shikha | ||
| 942 |
_2ddc _cEN _mMIG |
||
| 999 |
_c76943 _d76943 |
||